LEADER 01556nam a2200337 u 4500 001 000000013168 003 CaOOAMICUS 005 20070226105625.0 008 940517s1987 no a u000 u eng u 020 $a8256004673 (Solum) 020 $a0391035444 (Humanities) 035 $a10316237 040 $aPUL(R)$bita 100 1 $aBakke, Johnny.$0(OLS)http://pul/name/12441 245 10$aChristian ministry :$bpatterns and functions within the Ethiopian Evangelical Church Mekane Yesus /$cby Johnny Bakke. 260 $aOslo :$bSolum ;$aAtlantic Highlands, N.J. :$bHumanities,$cc1987. 300 $a297 p. :$bill. ;$c23 cm 490 1 $aStudia missionalia Upsaliensia ;$v44 500 $aComprende abstract. 504 $a"Bibliography": p. [275]-293. 610 24$aChiesa ortodossa$zEtiopia.$0(OLS)http://pul/subject/9622 830 0$aStudia missionalia Upsaliensia ;$v44.$0(OLS)http://pul/title/7552 850 $aPUL 852 $aPUL$W1$xSL Religione 1$y3$m69 F 53$j18582$nBK-PRI$b $qStampati$B18582$CPULBib$Z2$F18582 $H $81 941 1 $a8 961 $aINV: 59872 996 $6020$a8256004673 (Solum)$9(OLS)http://pul/number/16853 996 $6020$a0391035444 (Humanities)$9(OLS)http://pul/number/16854 996 $6245$aChristian ministry :$bpatterns and functions within the Ethiopian Evangelical Church Mekane Yesus$9(OLS)http://pul/title/19021 996 $6260$aOslo :$bSolum$9(OLS)http://pul/publisher/53911 996 $6260$aAtlantic Highlands, N.J. :$bHumanities$9(OLS)http://pul/publisher/53912 LEADER 01302nam a2200265 u 4500 001 000000015067 003 CaOOAMICUS 005 20070226105834.0 008 940517s1991 be a u000 u fre u 035 $a10354293 040 $aIPA$bita$dPUL(R) 041 1 $afre$hcop 245 00$aEvangiles gnostiques :$bdans le Corpus de Berlin et dans la bibliothèque copte de Nag Hammadi /$ctraduction française, commentaire et notes par Yvonne Janssens ; liminaire par Julien Ries. 260 $aLouvain-la-Neuve :$bCentre d'histoire des religions,$c1991. 300 $a296 p. :$bill. ;$c24 cm 490 1 $aHomo religiosus ;$v15 500 $aComprende indici e note bibliografiche. 650 4$aGnosticismo$xTesti.$0(OLS)http://pul/subject/2557 700 1 $aJanssens, Yvonne.$0(OLS)http://pul/name/13900 830 0$aHomo religiosus ;$v15.$0(OLS)http://pul/title/21627 850 $aPUL 852 $aPUL$W1$xDP1 Cons. Gen., Altre Classi 1$y22$m781 C 15$j21128$n $b $qStampati$B21128$CPULBib$Z2$F21128 $H66223 $81 941 1 $a8 996 $6245$aEvangiles gnostiques :$bdans le Corpus de Berlin et dans la bibliothèque copte de Nag Hammadi$9(OLS)http://pul/title/21626 996 $6260$aLouvain-la-Neuve :$bCentre d'histoire des religions$9(OLS)http://pul/publisher/54569